000 00957nam a2200265 4500
001 0000013086
003 CO-CtgCURN
005 20250730202118.0
008 160627s1994 000 0 eng d
020 _a9681621670
040 _aCO-CtgCURN
_bspa
_ccoctgcurn
082 0 _a396
_bG45m
100 1 _aGil Ligan, Carol.
245 1 3 _aLa moral y la teoria psicología del desarrollo femenino /
_cCarol Gil Ligan.
260 _aMexico :
_bFondo de cultura economica,
_c1994.
300 _a288 p.
336 _2rdacontent
337 _2rdamedia
_asin mediacion
_bn
338 _2rdacarrier
_avolumen
_bnc
505 8 _aMujer en el ciclo vital del hombre.--Imagenes de una relacion.--Concepto del yo y la moral.--Crisis.--Transicion.--Visiones de madurez
650 0 _aEl raciocinio moral de la mujer adulta
_vReseñas.
908 _a160627
942 _cBK
_h396
_iG45m
_2ddc
999 _c49298
_d49298
_x1